00396 2200157 4500245005400000020002200054250001100076100001800087700001800105005001900123260004200142041001400184084001000198300002100208336000900229 aSimple Hijab for Office WearcIna BinandarihText a978-979-22-9746-1 aCet. 5 aIna Binandari aNana Lystiani a20230207131046 aJakartabGramedia Pustaka Utamac2016 aIndonesia a646.5 a68 hlm. :cilus. atext